000 00315nam a22001457a 4500
008 221006b ||||| |||| 00| 0 eng d
020 _a0416001301
041 _aeng
080 _a61
082 _a61 BUC
100 _a9
101 _aMEDIC
245 _aSTEP BY STEP MEDICAL CODING
_cBUCK C.J
942 _2udc
_cBK
999 _c58370
_d58370